000 00610cam a22002053a 4500
001 34982
003 PGUSA
005 20140828083744.0
008 110116s2011||||xxu|||||s|||||000 | eng d
040 _aPGUSA
_beng
042 _adc
100 1 _aWinstead, Huldah Lucile
245 1 0 _aIn the Land of Dakota :
_bA Little Book of Dakota Verse
_h[electronic resource] /
_cHuldah Lucile Winstead
260 _bProject Gutenberg,
_c2011
506 _aPublic domain in the USA.
516 _aElectronic text
830 0 _aProject Gutenberg
_v34982
856 4 0 _uhttp://www.gutenberg.org/ebooks/34982
942 _cEB
999 _c264237
_d264237